Ładuje się......

Tarka bhasa: exposition of reassoning/

Opis bibliograficzny
1. autor: Kesava Misra
Format: Printed Book
Wydane: Varanasi: Bharatiya Vidya Prakashan, 1997.
Hasła przedmiotowe:
LEADER 00910nam a22001817a 4500
082 |a S 181.43  |b KES/T 
100 |a Kesava Misra  |9 118838 
245 |a Tarka bhasa:  |b exposition of reassoning/  |c by Kesava Misra. 
260 |a Varanasi:  |b Bharatiya Vidya Prakashan,  |c 1997. 
300 |a 136p. 
650 |a Nyaya Philosophy  |9 118839 
650 |a Philosophy  |z India  |9 118840 
650 |a Philosophy  |9 118841 
942 |c BK 
999 |c 61116  |d 61116 
952 |0 0  |1 0  |4 0  |6 S_181_430000000000000_KES_T  |7 0  |9 83955  |a SSUS  |b SSUS  |c STACKS  |d 2016-07-14  |g 60.00  |o S 181.43 KES/T  |p 021244  |r 2016-07-14  |w 2016-07-14  |y BK 
952 |0 0  |1 0  |4 0  |6 S_181_430000000000000_KES_T  |7 0  |9 83956  |a SSUS  |b SSUS  |c STACKS  |d 2017-11-16  |g 60.00  |l 4  |o S 181.43 KES/T  |p 021241  |r 2019-03-11  |s 2019-03-08  |w 2016-08-12  |y BK 
952 |0 0  |1 0  |4 0  |6 S_181_430000000000000_KES_T  |7 0  |9 83957  |a SSUS  |b SSUS  |c STACKS  |d 2016-08-19  |g 60.00  |l 2  |o S 181.43 KES/T  |p 021243  |r 2018-07-03  |s 2018-06-27  |w 2016-08-19  |y BK